000 00503nam a2200181Ia 4500
005 20250508152155.0
008 008 250505s9999 xx 000 0 hin d
037 _aTextual
040 _aFEDL
_beng
_cFEDL
041 _ahin
_2hin
084 _a891.432, ROY
_qFEDL
100 _aRoy Dwijendra Lal
_9205997
245 0 _aChandra Gupt
260 _aBombay, India
_bHindi Granth Ratnakar Karyalay
_c1956
300 _a120p.
942 _cTEXL
_h891.432, ROY
999 _c1334747
_d1334747